Gaming Quiz

Random Gaming or Pokémon Quiz

Water Pokémon (Gen I) Quiz Stats

 Plays Quiz Updated Oct 18, 2018

Score 0/32 Timer 06:00
5 Plays Today
Pokémon name % Correct
Squirtle
97.5%
Blastoise
94.9%
Wartortle
92.5%
Magikarp
87.3%
Staryu
82.3%
Goldeen
81.8%
Starmie
81.5%
Seaking
79.4%
Gyarados
77.1%
Lapras
74.7%
Seel
73.4%
Cloyster
72.5%
Shellder
71.5%
Dewgong
71.3%
Tentacool
71.3%
Tentacruel
71%
Pokémon name % Correct
Poliwhirl
70%
Psyduck
69.9%
Poliwag
69.7%
Vaporeon
69.6%
Horsea
69.6%
Golduck
68.1%
Poliwrath
68.1%
Seadra
67.5%
Krabby
56.2%
Slowpoke
55.7%
Slowbro
55.5%
Kingler
55.3%
Omanyte
53.5%
Omastar
53.4%
Kabuto
51.4%
Kabutops
51%

You're not logged in!

Compare scores with friends on all Sporcle quizzes.
OR
Log In

Sporcle TV

Today on Sporcle TV


Watch our educational content, quiz creation guides, and fun videos on Sporcle TV.

Show Comments

Extras

Top Quizzes Today


Score Distribution

Your Account Isn't Verified!

In order to create a playlist on Sporcle, you need to verify the email address you used during registration. Go to your Sporcle Settings to finish the process.

Report this User

Report this user for behavior that violates our Community Guidelines.

Details: